Blue Lock characters nicknames - Statistics

General Stats
  • This quiz has been taken 3,316 times
  • The average score is 8 of 35
Answer Stats
Hint Answer % Correct
Bachira Meguru Monster
73%
Barou Shouei King
65%
Nagi Seishiro Lazy genius
54%
Shidou Ryusei Demon
53%
Chigiri Hyoma Red panther
50%
Kunigami Rensuke Wildcard
47%
Itoshi Rin Egoist
45%
Otoya Eita Ninja
42%
Igarashi Gurimu Monk
40%
Kuon Wataru Traitor
29%
Niko Ikki Watchtower
29%
Don Lorenzo Ace eater
24%
Karasu Tabito Assassin
23%
Mikage Reo Copycat
19%
Isagi Yoichi Blue lock hero
18%
Michael Kaiser God's chosen emperor
18%
Julien Loki Godsprinter
17%
Lavinho Dancer
16%
Alexis Ness Magician
16%
Adam Blake Goal junkie
14%
Tsurugi Zantetsu Speedy specs
12%
Yukimiya Kenyu 1on1 emperor
10%
Oliver Aiku God snake
10%
Gagamaru Gin Feral forward
8%
Dada Silva Tank
8%
Pablo Cavasoz Babyface assassin
5%
Tokimitsu Aoshi Stamina freak
5%
Noel Noa World's best striker
5%
Raichi Jingo Duel master
4%
Itoshi Sae Kid genius
4%
Chris Prince World's no.2
3%
Ryosuke Kira Jewel of japanese football
2%
Leonardo Luna Scion of Real Madrid
2%
Marc Snuffy Strategist Nut
1%
Sendo Shuto U-20 Japan ace
1%
No matching quizzes found
Score Distribution
Percent of People with Each Score
Percentile by Number Answered
Your Score History
You have not taken this quiz